| 000 | 005150000a22001930004500 | ||
|---|---|---|---|
| 001 | 004464 | ||
| 003 | MACL | ||
| 005 | 20150714143931.0 | ||
| 008 | 150714b xxu||||| |||| 00| 0 eng d | ||
| 040 |
_aMACL _cMACL |
||
| 041 | _aEnglish | ||
| 082 | _a322425/SRI | ||
| 100 |
_aSrivastava, N.M. P. _92044 |
||
| 245 |
_aSir Jadunath Sarkar With Bihar Revolutionaries _cN.M. P. Srivastava |
||
| 260 |
_aNew Delhi, _c2004 _bPatna University, |
||
| 350 | _a300 | ||
| 650 |
_aPolitical Science _988 |
||
| 942 |
_k322 _cBK _2ddc |
||
| 999 |
_c16353 _d16353 |
||